| 000 | 00451nam a2200169Ia 4500 | ||
|---|---|---|---|
| 008 | 230917s9999||||xx |||||||||||||| ||und|| | ||
| 020 | _cRS 495.00 | ||
| 040 |
_e5011986 _aMAIN |
||
| 041 | _aEnglish | ||
| 082 | _a537 G341P | ||
| 100 | _aGhatak, Ajoy | ||
| 245 | 0 | _aProblems and solutions in electromagnetics | |
| 260 |
_aNew Delhi _bViva Books _c2020 |
||
| 300 | _av. p. | ||
| 500 | _a4189 18/12/2021 HBD22/9230 28/01/2022 Main Budget | ||
| 942 | _cBK | ||
| 999 |
_c3601 _d3601 |
||